000 00874nam a2200265 i 4500
001 103893
003 ES-MaACL
005 20250827062618.0
007 t|
008 051121s1968 sp ||||1| spa d
110 1 _aEspaña
_93622
240 1 0 _aLeyes, etc., sociales
245 1 0 _aLeyes sociales de España /
_cpor José Castán Tobeñas, Manuel Alonso Olea, Mariano González-Rothvoss... [et al.].
250 _a3ª ed.
260 _aMadrid :
_bReus,
_c1968.
300 _aXI, 95, 319, 520, 100, 694, 265, 174 p. ;
_c17 cm.
490 1 _aBiblioteca "Medina y Marañón"
700 1 _aCastán Tobeñas, José,
_d1889-1969
_936392
700 1 _aAlonso Olea, Manuel.
_920374
700 1 _aGonzález-Rothvoss y Gil, Mariano.
_958932
830 1 _aBiblioteca "Medina y Marañón"
_9184645
852 _aES-MaACL
_jA-5483
942 _2udc
999 _c103893
_d103893